000 01000nam a2200217 a 4500
001 000832698
003 AM-YeHGA
005 20250617144733.0
008 110922s1982 ru r 000 0 rus d
040 _aAM-YeHGA
041 0 _arus
245 0 0 _aСовершенствование путей рационального использования и мелиорации почв Дальнего Востока :
_bСборник научных трудов /
_cПримор. с.-х. ин-т; [Редкол.: Ю. И. Слабко (гл. ред.) и др.].
260 _aУссурийск :
_bПримор. СХИ,
_c1982.
300 _a126, 5 с.
504 _aБиблиогр. в конце ст.
650 1 4 _aПочвы
_xДальний Восток СССР
650 1 4 _aМелиорация
_zДальный Восток
700 1 _aСлабко, Ю.И.
_eред.
_4edt
710 2 _aПриморский сельскохозяйственный институт
090 _c301551
999 _c299854
_d299854